000 00805nam a22002417 4500
001 59645
005 20251027133738.0
008 241128r |||a|||gr|||| 00| 0 spa d
020 _a9507370982
040 _aCO-BoRNBP
_bspa
_erda
_cCO-BoRNBP
084 _aLM AND9
100 1 _aAndrade Barbosa, Rogério
_d1947-
_eautor
245 1 0 _aBichos de áfrica 1 /
_cRogério Andrade Barbosa; ilustraciones Cecilia Fittipaldi.
250 _aPrimera edición
264 1 _aBuenos Aires, Argentina :
_bEditorial Libros de Quirquincho,
_c1992
300 _a16 páginas :
_bilustraciones
_c25 cm
336 _atexto
_btxt
_2rdacontenido
337 _asin mediación
_bn
_2rdamedio
338 _avolumen
_bnc
_2rdasoporte
490 _aLiteratura infantil
650 1 7 _xleyendas y fabulas
_2LEMB
_965369
942 _cBK
999 _c59645
_d59645